| 000 | 00000nam##2200000za#4500 |
| 001 | 9.571685 |
| 003 | CaOODSP |
| 005 | 20211126112845 |
| 007 | cr ||||||||||| |
| 008 | 150406|1998||||xxc|||||o f|0| 0 eng|d |
| 022 | |a1701-9397 |
| 040 | |aCaOODSP|beng |
| 043 | |an-cn--- |
| 086 | 1 |aFB3-2/98-2E-PDF |
| 110 | 2 |aBank of Canada. |
| 245 | 10|aInternational borrowing, specialization and unemployment in a small, open economy / |h[electronic resource]|cby Patrick N. Osakwe and Shouyong Shi. |
| 260 | |aOttawa - Ontario : |bBank of Canada |cFebruary 1998. |
| 300 | |a41p.|bgraphs, references, tables |
| 490 | 1 |aBank of Canada working paper|x1701-9397|v98-2 |
| 500 | |aThe ISBN (0-662-26635-8) and ISSN (1192-5434) for the print edition have been incorrectly copied in this electronic publication. |
| 546 | |aRésumé en français. |
| 590 | |a11-20-Supp|b2011-09-29 |
| 720 | 1 |aShi, Shouyong |
| 720 | 1 |aOsakwe, Patrick N. |
| 776 | 0#|tInternational borrowing specialization and unemployment in a small open economy / |w(CaOODSP)9.614320 |
| 830 | #0|aWorking paper (Bank of Canada)|x1701-9397|v98-2|w(CaOODSP)9.504604 |
| 856 | 40|ahttp://publications.gc.ca|qPDF|s315 KB|uhttps://publications.gc.ca/collections/Collection/FB3-2-98-2E.pdf|y98-2 |